[Event "Minsk Inautomarket op"]
[Site "Minsk"]
[Date "2006.07.11"]
[Round "2"]
[White "Litvinov, Vladimir"]
[Black "Oleksienko, Mikhailo"]
[Result "0-1"]
[WhiteElo "2330"]
[BlackElo "2497"]
[PlyCount "54"]
[EventDate "2006.07.10"]
[EventType "swiss"]
[EventRounds "9"]
[EventCountry "BLR"]
[SourceTitle "CBM 113 Extra"]
[Source "ChessBase"]
[SourceDate "2006.09.14"]
[SourceVersion "1"]
[SourceVersionDate "2006.09.14"]
[SourceQuality "1"]

1. e4 c5 2. Nf3 d6 3. d4 cxd4 4. Nxd4 Nf6 5. Nc3 a6 6. Bg5 e6 7. f4 Be7 8. Qd3 Nbd7 9. 0-0-0 Qc7 10. Be2 b5 11. Bf3 Bb7 12. a3 h6 13. Bxf6 Nc5 14. Qe3 Bxf6 15. e5 dxe5 16. Ndxb5 axb5 17. Nxb5 Qb6 18. Nd6+ Ke7 19. Nxb7 Rac8 20. Nxc5 Rxc5 21. Qd3 Rhc8 22. c3 e4 23. Qxe4 Bxc3 24. bxc3 Rxc3+ 25. Kd2 Qf2+ 26. Be2 Rc2+ 27. Qxc2 Qxf4+ 0-1

[Event "Minsk Inautomarket op"]
[Site "Minsk"]
[Date "2005.07.11"]
[Round "2"]
[White "Riazantsev, Alexander"]
[Black "Litvinov, Vladimir"]
[Result "1-0"]
[WhiteElo "2599"]
[BlackElo "2355"]
[PlyCount "83"]
[EventDate "2005.07.06"]
[EventType "swiss"]
[EventRounds "9"]
[EventCountry "BLR"]
[SourceTitle "CBM 107 Extra"]
[Source "ChessBase"]
[SourceDate "2005.09.01"]
[SourceVersion "1"]
[SourceVersionDate "2005.09.01"]
[SourceQuality "1"]

1. d4 Nf6 2. c4 g6 3. Nc3 d5 4. Bf4 Bg7 5. e3 dxc4 6. Bxc4 0-0 7. Nf3 b6 8. 0-0 Bb7 9. Qe2 Nc6 10. Rfd1 Nh5 11. Bg5 h6 12. Bh4 g5 13. Ne5 Nf6 14. Bg3 Na5 15. Bd3 e6 16. Rac1 Qe7 17. Rc2 Rfd8 18. Rdc1 c5 19. dxc5 Qxc5 20. e4 Nh5 21. Qxh5 Bxe5 22. b4 Qd4 23. bxa5 Bxg3 24. hxg3 Qxd3 25. Qxh6 Bxe4 26. Nxe4 Qxe4 27. Qxg5+ Qg6 28. Qxg6+ fxg6 29. Rc7 Rd2 30. Re1 Rf8 31. f3 Rf7 32. Rc8+ Kh7 33. Rxe6 Rxa2 34. axb6 axb6 35. Rcc6 Rd7 36. Rxg6 Rdd2 37. Kh2 Rxg2+ 38. Kh3 b5 39. Rh6+ Kg7 40. Rhd6 Ra7 41. Rb6 Rb2 42. Rd5 1-0

[Event "Wch Seniors 13th"]
[Site "Bad Zwischenahn"]
[Date "2003.11.28"]
[Round "10"]
[White "Litvinov, Vladimir"]
[Black "Asmundsson, Ingvar"]
[Result "1/2-1/2"]
[WhiteElo "2352"]
[BlackElo "2321"]
[PlyCount "78"]
[EventDate "2003.11.16"]
[EventType "swiss"]
[EventRounds "11"]
[EventCountry "GER"]
[SourceTitle "CBM 097 Extra"]
[Source "ChessBase"]
[SourceDate "2004.01.13"]
[SourceVersion "1"]
[SourceVersionDate "2004.01.13"]
[SourceQuality "1"]

1. e4 Nf6 2. Nc3 d5 3. e5 d4 4. exf6 dxc3 5. fxg7 cxd2+ 6. Qxd2 Bxg7 7. Qg5 Bf6 8. Qh5 Nc6 9. Bb5 Qd6 10. Ne2 a6 11. Bd3 Ne5 12. Bf5 e6 13. Be4 Qb4+ 14. Nc3 Nd3+ 15. Bxd3 Bxc3+ 16. bxc3 Qxc3+ 17. Ke2 Qxa1 18. Qc5 Qg7 19. Ba3 f6 20. Be4 e5 21. Rb1 Qd7 22. Rb3 c6 23. Rf3 Qe6 24. g4 Bd7 25. g5 0-0-0 26. gxf6 Qf7 27. Rb3 Be6 28. Bxc6 Bc4+ 29. Ke3 bxc6 30. Qxc6+ Qc7 31. Qxc7+ Kxc7 32. Rc3 Rd4 33. f7 Kd7 34. f8Q Rxf8 35. Bxf8 Bxa2 36. Bg7 Bd5 37. Rc7+ Ke6 38. Ra7 Ra4 39. Bh6 Be4 1/2-1/2

[Event "Wch Seniors 13th"]
[Site "Bad Zwischenahn"]
[Date "2003.11.21"]
[Round "5"]
[White "Zunker, Reinhard"]
[Black "Litvinov, Vladimir"]
[Result "0-1"]
[WhiteElo "2184"]
[BlackElo "2352"]
[PlyCount "84"]
[EventDate "2003.11.16"]
[EventType "swiss"]
[EventRounds "11"]
[EventCountry "GER"]
[SourceTitle "CBM 097 Extra"]
[Source "ChessBase"]
[SourceDate "2004.01.13"]
[SourceVersion "1"]
[SourceVersionDate "2004.01.13"]
[SourceQuality "1"]

1. e4 c5 2. Nf3 d6 3. d4 cxd4 4. Nxd4 Nf6 5. Nc3 a6 6. f3 Qb6 7. a3 e6 8. Be3 Nc6 9. Qd2 Qc7 10. g4 Be7 11. h4 h6 12. Rg1 Nd7 13. g5 Nde5 14. Be2 hxg5 15. 0-0-0 Nxd4 16. Bxd4 Rxh4 17. Rxg5 Bf6 18. Rg2 Ng6 19. Bxf6 gxf6 20. Qxd6 Qxd6 21. Rxd6 Bd7 22. Rd1 Ke7 23. Rdg1 Bc6 24. Rg4 Rh2 25. R4g2 Rah8 26. Kd2 Nf4 27. Rxh2 Rxh2 28. Ke3 e5 29. Bd1 Ne6 30. b3 f5 31. exf5 Nd4 32. Ne4 Nxf5+ 33. Kd3 Nd4 34. c3 Ne6 35. a4 Rb2 36. Nd2 Nc5+ 37. Kc4 Nxa4 38. Ne4 Nb6+ 39. Kd3 Nd5 40. Bc2 f5 41. Ng3 f4 42. Nh5 Ne3 0-1

[Event "Wch Seniors 13th"]
[Site "Bad Zwischenahn"]
[Date "2003.11.18"]
[Round "2"]
[White "Litvinov, Vladimir"]
[Black "Baumgartner, Walter"]
[Result "1-0"]
[WhiteElo "2352"]
[BlackElo "2045"]
[PlyCount "128"]
[EventDate "2003.11.16"]
[EventType "swiss"]
[EventRounds "11"]
[EventCountry "GER"]
[SourceTitle "CBM 097 Extra"]
[Source "ChessBase"]
[SourceDate "2004.01.13"]
[SourceVersion "1"]
[SourceVersionDate "2004.01.13"]
[SourceQuality "1"]

1. e4 e6 2. d4 d5 3. Nc3 Bb4 4. e5 c5 5. a3 Bxc3+ 6. bxc3 Qa5 7. Qd2 Ne7 8. Nf3 b6 9. dxc5 bxc5 10. c4 Qxd2+ 11. Bxd2 Ba6 12. Bg5 Nbc6 13. cxd5 Bxf1 14. Rxf1 exd5 15. Rb1 Ng6 16. Rb5 h6 17. Be3 d4 18. Rxc5 dxe3 19. Rxc6 exf2+ 20. Kxf2 0-0 21. Rd1 Rfe8 22. e6 Rxe6 23. Rxe6 fxe6 24. Rd6 Rc8 25. Nd4 Nf8 26. Nc6 Kf7 27. Ke3 Rc7 28. Kd4 Kf6 29. Kc5 Nd7+ 30. Kb5 Rb7+ 31. Kc4 Ne5+ 32. Nxe5 Kxe5 33. Rc6 Rf7 34. Kb5 Kd5 35. c4+ Kd4 36. Rxe6 Rf5+ 37. Kb4 a5+ 38. Kb3 Rg5 39. g3 Rf5 40. Rd6+ Ke4 41. Rg6 Rf7 42. c5 Kd5 43. c6 Kc5 44. Ka4 Re7 45. h4 Rf7 46. h5 Re7 47. g4 Rf7 48. g5 hxg5 49. Rxg5+ Kxc6 50. Kxa5 Rb7 51. a4 Rf7 52. Ka6 Re7 53. a5 Rf7 54. Rg6+ Kc5 55. Rg1 Rf6+ 56. Kb7 Rf7+ 57. Kc8 Rf5 58. Rg6 Rxh5 59. a6 Rf5 60. a7 Rf8+ 61. Kb7 Rf7+ 62. Ka6 Rf8 63. Rb6 Rf1 64. Rb5+ Kc4 1-0

[Event "Wch Seniors 13th"]
[Site "Bad Zwischenahn"]
[Date "2003.??.??"]
[Round "?"]
[White "Hermann, Manfred"]
[Black "Litvinov, Vladimir"]
[Result "1/2-1/2"]
[WhiteElo "2280"]
[BlackElo "2352"]
[PlyCount "36"]
[EventDate "2003.11.16"]
[EventType "swiss"]
[EventRounds "11"]
[EventCountry "GER"]
[SourceTitle "CBM 097 Extra"]
[Source "ChessBase"]
[SourceDate "2004.01.13"]
[SourceVersion "1"]
[SourceVersionDate "2004.01.13"]
[SourceQuality "1"]

1. e4 e5 2. Nf3 Nc6 3. d4 exd4 4. Nxd4 Nf6 5. Nc3 Bb4 6. Nxc6 bxc6 7. Bd3 d5 8. exd5 cxd5 9. 0-0 0-0 10. Bg5 c6 11. Na4 h6 12. Bh4 Re8 13. c4 Be6 14. cxd5 Bxd5 15. Qc2 g5 16. Bg3 Ne4 17. a3 Ba5 18. b4 Bb6 1/2-1/2

[Event "Wch Seniors 13th"]
[Site "Bad Zwischenahn"]
[Date "2003.??.??"]
[Round "?"]
[White "Lentze, Ingo"]
[Black "Litvinov, Vladimir"]
[Result "0-1"]
[WhiteElo "2070"]
[BlackElo "2352"]
[PlyCount "88"]
[EventDate "2003.11.16"]
[EventType "swiss"]
[EventRounds "11"]
[EventCountry "GER"]
[SourceTitle "CBM 097 Extra"]
[Source "ChessBase"]
[SourceDate "2004.01.13"]
[SourceVersion "1"]
[SourceVersionDate "2004.01.13"]
[SourceQuality "1"]

1. e4 c5 2. Nf3 d6 3. d4 cxd4 4. Nxd4 Nf6 5. Nc3 a6 6. Be2 e6 7. 0-0 Be7 8. f4 0-0 9. Be3 Nc6 10. Kh1 Bd7 11. a4 Qc7 12. Nb3 b6 13. Bf3 Rab8 14. Rf2 Na5 15. Qf1 Nc4 16. Bc1 b5 17. axb5 axb5 18. Nd2 Ne3 19. Qd3 Nfg4 20. Bxg4 Nxg4 21. Rf3 b4 22. Qe2 Bf6 23. e5 dxe5 24. Nce4 Bb5 25. Qe1 Be7 26. h3 Nh6 27. c4 Bc6 28. fxe5 Qxe5 29. Re3 Nf5 30. Re2 Nd4 31. Nf3 Nxf3 32. gxf3 Qh5 33. Qg3 Rbd8 34. Bf4 Rd3 35. Rf1 Qg6 36. Qxg6 fxg6 37. Bh2 Rfxf3 38. Rxf3 Rxf3 39. Kg2 Rd3 40. Bg3 Bf6 41. Kh2 Bxb2 42. Nc5 Rd1 43. Bf2 Bc1 44. Be3 Bf3 0-1

[Event "EU-ch Seniors 02nd"]
[Site "Saint Vincent"]
[Date "2002.10.06"]
[Round "9"]
[White "Villing, Dieter"]
[Black "Litvinov, Vladimir"]
[Result "1-0"]
[WhiteElo "2159"]
[BlackElo "2390"]
[PlyCount "63"]
[EventDate "2002.09.28"]
[EventType "swiss"]
[EventRounds "9"]
[EventCountry "ITA"]
[SourceTitle "CBM 090 Extra"]
[Source "ChessBase"]
[SourceDate "2002.11.07"]
[SourceVersion "1"]
[SourceVersionDate "2002.11.07"]
[SourceQuality "1"]

1. e4 c5 2. f4 Nc6 3. Nf3 g6 4. Bb5 Nf6 5. Nc3 Nd4 6. e5 Nxb5 7. Nxb5 Nd5 8. 0-0 Qb6 9. c4 Bg7 10. d3 0-0 11. f5 d6 12. cxd5 Qxb5 13. e6 fxe6 14. fxe6 b6 15. Bg5 Bb7 16. Bxe7 Rfe8 17. Bxd6 Bxd5 18. d4 Rad8 19. Bc7 Rc8 20. Be5 Rxe6 21. Bxg7 Kxg7 22. Rc1 c4 23. Qd2 Bxf3 24. Rxf3 Qd5 25. Rcf1 Rd6 26. Kh1 Re8 27. h3 Re4 28. Qf2 Rd7 29. Rf8 Qxd4 30. Rg8+ Kh6 31. Qf8+ Kg5 32. Rf5+ 1-0

[Event "EU-ch Seniors 02nd"]
[Site "Saint Vincent"]
[Date "2002.10.03"]
[Round "6"]
[White "Litvinov, Vladimir"]
[Black "Erenska Barlo, Hanna"]
[Result "1/2-1/2"]
[WhiteElo "2390"]
[BlackElo "2249"]
[PlyCount "140"]
[EventDate "2002.09.28"]
[EventType "swiss"]
[EventRounds "9"]
[EventCountry "ITA"]
[SourceTitle "CBM 090 Extra"]
[Source "ChessBase"]
[SourceDate "2002.11.07"]
[SourceVersion "1"]
[SourceVersionDate "2002.11.07"]
[SourceQuality "1"]

1. d4 Nf6 2. c4 e6 3. Nf3 Bb4+ 4. Bd2 Be7 5. Nc3 d5 6. e3 b6 7. Bd3 Bb7 8. cxd5 Nxd5 9. 0-0 Nd7 10. Rc1 h6 11. Nxd5 Bxd5 12. e4 Bb7 13. Qc2 c5 14. dxc5 Nxc5 15. Bb5+ Kf8 16. Rfe1 a6 17. Bf1 Rc8 18. Bc3 Qe8 19. Qb1 b5 20. h3 Na4 21. Bd4 Bc5 22. b3 Bxd4 23. bxa4 Bb6 24. axb5 a5 25. Ne5 Bd4 26. Nc4 Qd8 27. Qd3 e5 28. Qa3+ Kg8 29. Qxa5 Qf6 30. Qd2 Kh7 31. Bd3 Ra8 32. Qc2 Bc8 33. Ne3 Ra3 34. Nf5 Bxf5 35. exf5 Qg5 36. Qe2 Rd8 37. Rcd1 Kh8 38. Kh1 Qf4 39. Rf1 Bb6 40. Be4 Bd4 41. Rd3 Rxd3 42. Bxd3 Bb6 43. g3 Qb4 44. Kg2 Kg8 45. Bc4 Rd4 46. Bb3 e4 47. Rd1 Rxd1 48. Bxd1 Qc5 49. Bc2 e3 50. fxe3 Qd5+ 51. e4 Qxa2 52. e5 Qd5+ 53. Qe4 Qc5 54. Kf3 h5 55. Qe2 Qc3+ 56. Bd3 Kf8 57. Qe4 Qc5 58. Qe2 Qd5+ 59. Qe4 Qc5 60. Qa8+ Ke7 61. Qb7+ Kd8 62. Qb8+ Ke7 63. Qd6+ Qxd6 64. exd6+ Kxd6 65. h4 Ke5 66. g4 hxg4+ 67. Kxg4 Be3 68. Bc4 f6 69. Bd3 Kd6 70. Kh5 Bh6 1/2-1/2

[Event "EU-ch Seniors 02nd"]
[Site "Saint Vincent"]
[Date "2002.10.02"]
[Round "5"]
[White "Gruzmann, Boris"]
[Black "Litvinov, Vladimir"]
[Result "1-0"]
[WhiteElo "2263"]
[BlackElo "2390"]
[PlyCount "69"]
[EventDate "2002.09.28"]
[EventType "swiss"]
[EventRounds "9"]
[EventCountry "ITA"]
[SourceTitle "CBM 090 Extra"]
[Source "ChessBase"]
[SourceDate "2002.11.07"]
[SourceVersion "1"]
[SourceVersionDate "2002.11.07"]
[SourceQuality "1"]

1. e4 c5 2. Nf3 d6 3. d4 cxd4 4. Nxd4 Nf6 5. Nc3 a6 6. f4 e6 7. Bd3 Nc6 8. Nf3 b5 9. 0-0 Bb7 10. Qe1 b4 11. e5 Nd7 12. Nd1 dxe5 13. fxe5 Ndxe5 14. Nxe5 Qd4+ 15. Be3 Qxe5 16. Qf2 f6 17. Qh4 Bc5 18. Bg6+ Ke7 19. Be4 Rad8 20. Bxc5+ Qxc5+ 21. Kh1 Rd7 22. Nf2 Nd8 23. Rae1 Qg5 24. Qh3 Bd5 25. a3 a5 26. axb4 axb4 27. Bxd5 Qxd5 28. Qg4 Kf7 29. Qxb4 Nc6 30. Qh4 Nd4 31. c4 Qxc4 32. Ne4 Kg8 33. Rc1 Qd5 34. Nxf6+ gxf6 35. Qxf6 1-0

[Event "BLR-ch"]
[Site "Minsk"]
[Date "2002.02.25"]
[Round "10"]
[White "Smirnov, Valerij"]
[Black "Litvinov, Vladimir"]
[Result "1/2-1/2"]
[WhiteElo "2411"]
[BlackElo "2408"]
[PlyCount "36"]
[EventDate "2002.02.??"]
[EventType "tourn"]
[EventRounds "11"]
[EventCountry "BLR"]
[SourceTitle "EXT 2004"]
[Source "ChessBase"]
[SourceDate "2003.11.25"]
[SourceVersion "1"]
[SourceVersionDate "2003.11.25"]
[SourceQuality "1"]

1. e4 e5 2. Nf3 Nc6 3. Bb5 g6 4. 0-0 Bg7 5. c3 d5 6. d4 exd4 7. Nxd4 Bd7 8. exd5 Nxd4 9. Bxd7+ Qxd7 10. cxd4 Ne7 11. Nc3 0-0 12. Qb3 Bxd4 13. Rd1 Qg4 14. Nb5 Be5 15. h3 Qd7 16. Be3 Nf5 17. Bd2 Rfe8 18. Be3 a6 1/2-1/2

[Event "BLR-ch"]
[Site "Minsk"]
[Date "2002.02.23"]
[Round "8"]
[White "Novitzkij, Dmitrij"]
[Black "Litvinov, Vladimir"]
[Result "1-0"]
[WhiteElo "2429"]
[BlackElo "2408"]
[PlyCount "55"]
[EventDate "2002.02.??"]
[EventType "tourn"]
[EventRounds "11"]
[EventCountry "BLR"]
[SourceTitle "EXT 2004"]
[Source "ChessBase"]
[SourceDate "2003.11.25"]
[SourceVersion "1"]
[SourceVersionDate "2003.11.25"]
[SourceQuality "1"]

1. e4 c5 2. Nc3 e6 3. g3 d5 4. exd5 exd5 5. d4 Nf6 6. Nge2 Bg4 7. Bg2 Nc6 8. h3 cxd4 9. hxg4 dxc3 10. Nxc3 d4 11. Qe2+ Be7 12. g5 Nd7 13. Nd5 Kf8 14. Nxe7 Qxe7 15. Qxe7+ Kxe7 16. Bf4 Nc5 17. 0-0-0 Rad8 18. Bd2 Ne6 19. f4 f5 20. g4 fxg4 21. f5 Nc7 22. Bxc6 bxc6 23. Ba5 Rd7 24. Bxc7 Rxc7 25. Rxd4 h5 26. Re1+ Kf7 27. Rd6 g6 28. Rf6+ 1-0

[Event "BLR-ch"]
[Site "Minsk"]
[Date "2002.02.22"]
[Round "7"]
[White "Litvinov, Vladimir"]
[Black "Alekseev, Vadim"]
[Result "1/2-1/2"]
[WhiteElo "2408"]
[BlackElo "2389"]
[PlyCount "96"]
[EventDate "2002.02.??"]
[EventType "tourn"]
[EventRounds "11"]
[EventCountry "BLR"]
[SourceTitle "EXT 2004"]
[Source "ChessBase"]
[SourceDate "2003.11.25"]
[SourceVersion "1"]
[SourceVersionDate "2003.11.25"]
[SourceQuality "1"]

1. e4 e6 2. d4 d5 3. Nd2 Be7 4. Ngf3 Nf6 5. Bd3 c5 6. exd5 Qxd5 7. dxc5 Bxc5 8. 0-0 0-0 9. Qe2 Nbd7 10. Ne4 Be7 11. Rd1 Qa5 12. Bg5 Rd8 13. c4 Nf8 14. Nxf6+ gxf6 15. Bh4 Qh5 16. Bg3 Bd7 17. Be4 Bc6 18. Bxc6 bxc6 19. Qe4 Qc5 20. b3 Rac8 21. Bf4 f5 22. Qe3 Ng6 23. Bg5 Qxe3 24. Bxe3 c5 25. Bd2 Rc6 26. Bc3 Rcd6 27. Rxd6 Rxd6 28. Kf1 f6 29. Rc1 Kf7 30. g3 e5 31. Ke2 Ke6 32. Ne1 Ra6 33. Rc2 Bd6 34. Ng2 h5 35. Ne3 f4 36. Nd5 fxg3 37. hxg3 Ne7 38. Nxe7 Bxe7 39. Ke3 f5 40. f4 e4 41. Be5 Bf6 42. Rd2 Bxe5 43. fxe5 Kxe5 44. Rd5+ Ke6 45. Kf4 Rxa2 46. Re5+ Kd6 47. Rxf5 Rb2 48. Rf6+ Ke7 1/2-1/2

[Event "RUS-Cup"]
[Site "Minsk"]
[Date "2000.??.??"]
[Round "3"]
[White "Kochetkov, Maksim"]
[Black "Litvinov, Vladimir"]
[Result "1/2-1/2"]
[WhiteElo "2044"]
[BlackElo "2368"]
[PlyCount "53"]
[EventDate "2000.??.??"]
[EventType "swiss"]
[EventRounds "9"]
[EventCountry "BLR"]
[SourceTitle "EXT 2001"]
[Source "ChessBase"]
[SourceDate "2000.11.22"]
[SourceVersion "1"]
[SourceVersionDate "2000.11.22"]
[SourceQuality "1"]

1. e4 c5 2. c4 Nc6 3. Nc3 e6 4. g3 g6 5. Bg2 Bg7 6. Nge2 Nge7 7. d3 0-0 8. 0-0 d6 9. Rb1 Bd7 10. a3 a5 11. Nb5 Nc8 12. d4 cxd4 13. Nbxd4 a4 14. b4 Nxd4 15. Nxd4 Qc7 16. Qd3 Nb6 17. c5 dxc5 18. bxc5 Qxc5 19. Be3 Qc4 20. Qd2 Qa6 21. Nf5 Bb5 22. Ne7+ Kh8 23. Qb4 Nc4 24. Qxb5 Nxa3 25. Qxa6 Rxa6 26. Rxb7 Nc2 27. Bc5 1/2-1/2

[Event "RUS-Cup"]
[Site "Minsk"]
[Date "2000.??.??"]
[Round "7"]
[White "Sultangareev, Marat"]
[Black "Litvinov, Vladimir"]
[Result "1/2-1/2"]
[WhiteElo "2308"]
[BlackElo "2368"]
[PlyCount "147"]
[EventDate "2000.??.??"]
[EventType "swiss"]
[EventRounds "9"]
[EventCountry "BLR"]
[SourceTitle "EXT 2001"]
[Source "ChessBase"]
[SourceDate "2000.11.22"]
[SourceVersion "1"]
[SourceVersionDate "2000.11.22"]
[SourceQuality "1"]

1. d4 Nf6 2. c4 g6 3. Nc3 Bg7 4. Nf3 0-0 5. Bg5 d6 6. e3 Nbd7 7. Qc2 c6 8. Rd1 a6 9. Be2 b5 10. 0-0 Bb7 11. b4 bxc4 12. Bxc4 Nb6 13. Be2 h6 14. Bh4 a5 15. a3 axb4 16. axb4 Nbd5 17. Nxd5 Nxd5 18. Rb1 Qd7 19. Rfc1 Ba6 20. Bxa6 Rxa6 21. e4 Nf4 22. Bg3 Qg4 23. Bxf4 Qxf4 24. Qd3 Rfa8 25. g3 Qg4 26. Rb3 Rb6 27. Kg2 Rab8 28. h3 Qd7 29. Rcb1 Rb5 30. Qc4 e6 31. Qc2 Qb7 32. Rc1 c5 33. e5 cxb4 34. exd6 Qd5 35. Rcb1 Qxd6 36. Qc4 Bf8 37. Ne5 Qd5+ 38. Qxd5 Rxd5 39. Kf3 Ra8 40. Ke4 Ra2 41. R1b2 Rda5 42. Rxa2 Rxa2 43. Nd3 Rc2 44. Nxb4 Rxf2 45. Nd3 Re2+ 46. Kf3 Rd2 47. Ke3 Rh2 48. Nf2 Rg2 49. Kf3 Rg1 50. Ng4 Kg7 51. Rb6 Be7 52. Ne3 Bg5 53. Ng4 Rd1 54. Rb7 Bf6 55. Nxf6 Kxf6 56. Rd7 Rd3+ 57. Kf2 h5 58. h4 Kg7 59. Rd8 Kf6 60. Rd7 Ra3 61. Kg2 Ra5 62. Rb7 Rd5 63. Rb4 Kf5 64. Kf3 f6 65. Ra4 Rb5 66. Ra3 g5 67. hxg5 fxg5 68. Rc3 Rb2 69. Rc5+ Kf6 70. Rc3 g4+ 71. Kf4 Rf2+ 72. Ke4 Rf3 73. Rxf3+ gxf3 74. Kxf3 1/2-1/2

[Event "Minsk op"]
[Site "Minsk"]
[Date "1996.??.??"]
[Round "3"]
[White "Litvinov, Vladimir"]
[Black "Timoshenko, Georgy"]
[Result "1/2-1/2"]
[WhiteElo "2370"]
[BlackElo "2500"]
[PlyCount "116"]
[EventDate "1996.??.??"]
[EventType "swiss"]
[EventRounds "9"]
[EventCountry "BLR"]
[SourceTitle "EXT 2000"]
[Source "ChessBase"]
[SourceDate "1999.11.16"]
[SourceVersion "1"]
[SourceVersionDate "1999.11.16"]
[SourceQuality "1"]

1. d4 Nf6 2. c4 g6 3. Nc3 Bg7 4. e4 d6 5. Nf3 0-0 6. Be2 e5 7. 0-0 Nc6 8. d5 Ne7 9. Re1 Kh8 10. c5 Ne8 11. cxd6 Nxd6 12. Bf1 a6 13. a4 h6 14. b3 Bg4 15. h3 Bxf3 16. Qxf3 f5 17. Bb2 fxe4 18. Qd1 e3 19. fxe3 Nef5 20. Qg4 Kh7 21. Bd3 h5 22. Qe2 Qh4 23. Bxf5 Rxf5 24. e4 Rf7 25. Rf1 Raf8 26. Rxf7 Rxf7 27. Rf1 Rf4 28. Rxf4 Qxf4 29. Ba3 Nf7 30. Qd3 Bh6 31. Qf3 Qxf3 32. gxf3 Be3+ 33. Kf1 Kg7 34. Nd1 Bd4 35. Be7 Nh8 36. Bd8 c6 37. dxc6 bxc6 38. Nf2 Bxf2 39. Kxf2 Kf7 40. h4 Ke6 41. Bb6 Nf7 42. Be3 Kf6 43. Kg3 g5 44. Bb6 Ke7 45. Be3 Kf6 46. Bc5 Ke6 47. Bf8 Kf6 48. Kh3 gxh4 49. Kxh4 Nd8 50. Kxh5 Ne6 51. Bh6 Nd4 52. b4 Nxf3 53. Kg4 Ne1 54. Bd2 Nd3 55. Kf3 Ke6 56. Ke2 Nb2 57. a5 Nc4 58. Bh6 Nd6 1/2-1/2

[Event "Minsk op"]
[Site "Minsk"]
[Date "1996.??.??"]
[Round "4"]
[White "Yagupov, Igor"]
[Black "Litvinov, Vladimir"]
[Result "1-0"]
[WhiteElo "2450"]
[BlackElo "2370"]
[PlyCount "67"]
[EventDate "1996.??.??"]
[EventType "swiss"]
[EventRounds "9"]
[EventCountry "BLR"]
[SourceTitle "EXT 2000"]
[Source "ChessBase"]
[SourceDate "1999.11.16"]
[SourceVersion "1"]
[SourceVersionDate "1999.11.16"]
[SourceQuality "1"]

1. e4 c5 2. Nf3 e6 3. d3 Nc6 4. g3 d5 5. Nbd2 g6 6. Bg2 Bg7 7. 0-0 Nge7 8. Re1 0-0 9. h4 e5 10. exd5 Nxd5 11. Ne4 Qc7 12. h5 Bg4 13. h6 Bh8 14. c3 Rfd8 15. Qa4 Nb6 16. Qb5 Rd5 17. Be3 f5 18. Nxc5 Rd6 19. Qb3+ Kf8 20. Nh2 Bh5 21. g4 fxg4 22. Ne4 Nc8 23. Bc5 Nd8 24. Nxd6 Nxd6 25. Qd5 N8f7 26. d4 Rd8 27. dxe5 Bxe5 28. Nf1 Bf6 29. Ng3 b6 30. Ba3 Kg8 31. Bxd6 Rxd6 32. Ne4 Rxd5 33. Nxf6+ Kf8 34. Re8# 1-0

[Event "Minsk Sokolsky Memorial 16th"]
[Site "Minsk"]
[Date "1988.??.??"]
[Round "?"]
[White "Basin, Leonid"]
[Black "Litvinov, Vladimir"]
[Result "0-1"]
[WhiteElo "2350"]
[BlackElo "2365"]
[PlyCount "82"]
[EventDate "1988.??.??"]
[EventType "tourn"]
[EventRounds "15"]
[EventCountry "URS"]
[SourceTitle "EXT 1998"]
[Source "ChessBase"]
[SourceDate "1997.11.17"]
[SourceVersion "1"]
[SourceVersionDate "1997.11.17"]
[SourceQuality "1"]

1. d4 d5 2. c4 dxc4 3. Nf3 Nf6 4. e3 e6 5. Bxc4 c5 6. 0-0 a6 7. a4 Qc7 8. Qe2 Nc6 9. Nc3 Bd6 10. Rd1 0-0 11. h3 Re8 12. b3 Bd7 13. Bb2 cxd4 14. exd4 Na5 15. Ne5 Bc6 16. Rac1 Rac8 17. Qe3 Qb6 18. Ba1 Nd5 19. Qg3 f6 20. Ne4 Qd8 21. Nxc6 Rxc6 22. Qf3 Bb4 23. Ng3 Qd7 24. Rc2 Rec8 25. Rdc1 Nb6 26. Qd3 Bf8 27. Ne4 Naxc4 28. bxc4 Nxc4 29. Qg3 Kh8 30. h4 Nb6 31. Qb3 Qc7 32. Nd2 a5 33. Qb5 Ba3 34. Bb2 Bxb2 35. Rxb2 Nc4 36. Nxc4 Rxc4 37. Rxc4 Qxc4 38. Qxc4 Rxc4 39. Rxb7 h6 40. Ra7 Rxd4 41. h5 Rd5 0-1